|
|
|
|
| LEADER |
01774nam a2200337 u 4500 |
| 001 |
10018373 |
| 003 |
upatras |
| 005 |
20210117205206.0 |
| 008 |
881025s1997 eng |
| 020 |
|
|
|a 5775000110
|
| 040 |
|
|
|a GR-PaULI
|c GR-PaULI
|
| 041 |
0 |
|
|a eng
|a rus
|
| 082 |
0 |
4 |
|a 539.754
|
| 100 |
1 |
|
|a Vasilyev, G. I.
|4 aut
|9 141456
|
| 245 |
1 |
0 |
|a The law which controls the lepton mass creation process at vacuum polarization
|c G. I. Vasilyev, A. M. Shammasov, R. N. Bakhtizin
|
| 260 |
|
|
|a Ufa
|b [s.n]
|c 1997
|
| 300 |
|
|
|a 47 σ.
|c 20 εκ.
|
| 490 |
0 |
|
|a The new laws of nature on the thre shold of the XXI century
|
| 500 |
|
|
|a The book for those, who take an interest in the laws of the creation of the world (matter)
|
| 650 |
|
4 |
|a Πυρηνική φυσική
|9 78
|
| 700 |
1 |
|
|a Bakhtizin, R. N.
|4 aut
|9 141457
|
| 700 |
1 |
|
|a Shammasov, A. M.
|4 aut
|9 141458
|
| 760 |
1 |
|
|a The new laws of nature on the thre shold of the XXI century
|
| 852 |
|
|
|a GR-PaULI
|b ΠΑΤΡΑ
|b ΒΚΠ
|b ΒΣ1
|k ΑΣΧΞ
|h 539.754 VAS
|m 32167
|p 025000241182
|t 1
|
| 852 |
|
|
|a GR-PaULI
|b ΠΑΤΡΑ
|b ΒΚΠ
|b ΒΣ1
|k ΑΣΧΞ
|h 539.754 VAS
|m 32166
|p 025000241181
|t 2
|
| 852 |
|
|
|a GR-PaULI
|b ΠΑΤΡΑ
|b ΒΚΠ
|b ΒΣ1
|k ΑΣΧΞ
|h 539.754 VAS
|m 32165
|p 025000241183
|t 3
|
| 942 |
|
|
|2 ddc
|c BK15
|
| 952 |
|
|
|0 0
|1 0
|4 0
|6 539_754000000000000_VAS
|7 0
|9 171312
|a LISP
|b LISP
|c BSC
|d 2016-04-24
|i 32167
|l 0
|o 539.754 VAS
|p 025000241182
|r 2016-04-24 00:00:00
|t 1
|w 2016-04-24
|y BK15
|
| 952 |
|
|
|0 0
|1 0
|4 0
|6 539_754000000000000_VAS
|7 0
|9 171313
|a LISP
|b LISP
|c BSC
|d 2016-04-24
|i 32166
|l 0
|o 539.754 VAS
|p 025000241181
|r 2016-04-24 00:00:00
|t 2
|w 2016-04-24
|y BK15
|
| 952 |
|
|
|0 0
|1 0
|4 0
|6 539_754000000000000_VAS
|7 0
|9 171314
|a LISP
|b LISP
|c BSC
|d 2016-04-24
|i 32165
|l 0
|o 539.754 VAS
|p 025000241183
|r 2016-04-24 00:00:00
|t 3
|w 2016-04-24
|y BK15
|
| 999 |
|
|
|c 107195
|d 107195
|